• 首页
  • 本馆介绍
  • 公告通知
  • 最新文献
  • 馆藏检索
  • 电子资源
  • 读者导购
  • 参考咨询
  • 我的图书馆
  • 登录
  • 详细信息显示
  • 放入我的书架
  • 预约/预借图书
  • 作者相关作品
  • 分类相关作品
  • 丛书相关作品
  • 出版社相关作品

书目信息

  • 表格格式
  • 工作单格式
  • 卡片格式
题名:
女性潜意识
    
 
作者: 阎勤民 著
分册:  
出版信息: 广州   花城出版社  1999.05
页数: 374页
开本: 32开
丛书名:
单 册:
中图分类: B844.5
科图分类:
主题词: 发展心理学
电子资源:
ISBN: 7-5360-3028-2
000 00671nam0 2200205 45
001 0106210772
005 20031219104050.6
010    @a7-5360-3028-2@dCNY18.00
100    @a20010621d1999 km y0chiy0120 ea
101 0  @achi
105    @a z 000yy
200 1  @a女性潜意识@ANu Xing Qian Yi Shi@e一个心理医生的导引手记@EYi Ge Xin Li Yi Sheng De Dao Yin Shou Ji@f阎勤民著@FYan Qin Min Zhu
210    @a广州@c花城出版社@d1999.05
215    @a374页@d32开
517    @a一个心理医生的导引手记@AYi Ge Xin Li Yi Sheng De Dao Yin Shou Ji
606 0  @a发展心理学
690    @aB844.5@v4
701    @a阎勤民@4著
801    @aCN@bTSTC@c20010621
905    @f3@b298522-524@dB844.5@e337
    
    女性潜意识:一个心理医生的导引手记/阎勤民著.-广州:花城出版社,1999.05
    374页;32开
    
    
    ISBN 7-5360-3028-2:CNY18.00
    
●
相关链接 在E读中查询图书 在五车中查询图书 在当当中查询图书 在豆瓣中查询图书


正题名:女性潜意识     索取号:B844.5/337         预约/预借

序号 登录号 条形码 馆藏地/架位号 状态 备注
1 0298523   202985234   第一借阅区/ [索取号:B844.5/337] 在馆    
2 0298524   202985243   第一样本阅览室/ [索取号:B844.5/337] 在馆    
唐山师范学院图书馆 欢迎您!
大连网信软件有限公司© 版权所有